011400000a22001810004500020001800000041000800018082002000026245013400046260003500180300001300215500006800228505054100296650002900837001000400866336002700870337003300897338002800930 a84-7509-813-40 aSPA04aG 001.42 F4182m10aLos métodos de investigación en las ciencias sociales : Leon Festinger, Daniel Katz, Compiladores, Eduardo Masullo, Traductor aBarcelona, España : Paidós a590 Pag. aTítulo original : Research methods in the behavioral sciences00aLa encuesta por muestreo: una técnica para la investigación en ciencias sociales -- Los estudios de campo -- Experimentos en contextos de campo -- Experimentos de laboratorio -- Selección de la muestra -- Los problemas de la observación objetiva -- El uso de documentos, registros, materiales censales e índices -- La reunión de datos mediante entrevistas -- Observación de la conducta de grupo -- Análisis de material cualitativo -- Teoría y métodos de la medición social -- La utilización de la ciencia social.14aMETODOS DE INVESTIGACION464 atextobtxt2rdacontent 2rdamediaasin mediaciónbn 2rdacarrieravolumenbnc